000 00541nam a2200205Ia 4500
005 20250506172943.0
008 008 250505s9999 xx 000 0 eng d
020 _a9780670096411
037 _aTB
040 _aILCL
_beng
_cILCL
041 _aeng
_2eng
082 _qILCL
100 _aChandrachud, Abhinav
245 0 _aSoli Sorabjee - life and times: an authorized biography
260 _aIndia
_bPenguin Random House
_c2022
300 _a277p.
365 _aINR
942 _cTB
_2Colon Classification
999 _c1312917
_d1312917